Normal view
MARC view
Entry Personal Name
001 - CONTROL NUMBER
- control field: 61328
003 - CONTROL NUMBER IDENTIFIER
- control field: OSt
005 - DATE AND TIME OF LATEST TRANSACTION
- control field: 20260624153248.0
008 - FIXED-LENGTH DATA ELEMENTS
- fixed length control field: 260624|| aca||aabn | a|a d
040 ## - CATALOGING SOURCE
- Original cataloging agency: OSt
- Transcribing agency: OSt
100 ## - HEADING--PERSONAL NAME
- Personal name: Bonu, Sekhar and Bhushan, Indu
670 ## - SOURCE DATA FOUND
- Source citation: Work cat.: (OSt)533797: Bonu, Sekhar and Bhushan, Indu, Socio-economic and regional determinants of health insurance coverage: Insights from the CAMS 2022–23
